NFL Quarterbacks by Team - Statistics

General Stats
  • This quiz has been taken 457 times
    426 since last reset
  • The average score is 17 of 32
Answer Stats
Team Quarterback Division % Correct
Atlanta Falcons Matt Ryan NFC South
92%
New England Patriots Tom Brady NFC East
86%
Baltimore Ravens Joe Flacco AFC North
85%
Denver Broncos Peyton Manning AFC West
83%
Green Bay Packers Arron Rodgers NFC North
82%
Carolina Panthers Cam Newton NFC South
82%
New York Giants Eli Manning NFC East
82%
Detroit Lions Matthew Stafford NFC North
81%
New Orleans Saints Drew Brees NFC South
78%
Seattle Seahawks Russell Wilson NFC West
77%
Dallas Cowboys Tony Romo NFC East
77%
New York Jets Geno Smith AFC East
75%
San Diego Chargers Philip Rivers AFC West
75%
Cincinnati Bengals Andy Dalton AFC North
74%
Indianapolis Colts Andrew Luck AFC South
72%
Oakland Raiders Derek Carr AFC West
70%
Pittsburgh Steelers Ben Roethlisberger AFC North
65%
Chicago Bears Jay Cutler NFC North
61%
Miami Dolphins Ryan Tannehill NFC East
59%
Jacksonville Jaguars Blake Bortles AFC South
58%
San Fransisco 49ers Colin Kaepernick NFC West
51%
Washington Redskins Robert Griffin lll NFC South
49%
Minnesota Vikings Teddy Bridgewater AFC North
42%
Houston Texans Case Keenum AFC South
25%
Tampa Bay Buccaneers Josh McCown NFC South
19%
Philadelphia Eagles Mark Sanchez NFC East
18%
Buffalo Bills Kyle Orton AFC East
6%
Kansas City Chiefs Chase Daniel AFC West
4%
St. Louis Rams Shaun Hill NFC West
4%
Arizona Cardinals Ryan Lindley NFC West
3%
Tennessee Titans Charlie Whitehurst AFC South
2%
Cleveland Browns Connor Shaw AFC North
2%
No matching quizzes found
Score Distribution
Percent of People with Each Score
Percentile by Number Answered
Your Score History
You have not taken this quiz since the last reset